000 00376cam a2200145ua 4500
041 _aeng
_h
082 _a822
_bTHO/MI
100 _aThorndike, Asthley .
245 _aMinor Elizabethan drama vol-1 /
_cAsthley Thorndike.
_hTextual Documents
260 _aLondon :
_bJ M Dent and Sons Ltd ,
_c1960.
300 _a330 ; .
504 _a
942 _cBK
999 _c6057
_d6057